| 000 | 00861cam a2200313 4500 | ||
|---|---|---|---|
| 001 | 25411 | ||
| 005 | 20260323151425.0 | ||
| 010 | _a9729600716 | ||
| 021 |
_aPT _b78032/94 |
||
| 090 | _a25411 | ||
| 100 | _a19940719d1994 k a0pory5003 ba | ||
| 101 | 0 | _apor | |
| 102 | _aPT | ||
| 105 | _aac z 001yy | ||
| 106 | _ar | ||
| 200 | 1 |
_aA defesa de Portugal _fMinistério da Defesa Nacional |
|
| 210 | 9 |
_aLisboa _cM.D.N. _d1994 |
|
| 215 |
_a293 p. _d27 cm |
||
| 675 |
_a355 _vBN _zpor |
||
| 675 |
_a355.45(469)"1994" _vBN _zpor |
||
| 710 | 0 | 1 |
_aPortugal. _bMinistério da Defesa Nacional |
| 801 | 0 |
_aPT _bBEDB _gRPC |
|
| 942 |
_n0 _cMON |
||